01041nac a22002651u 4500010001600000020003200016020002800048082001600076090001500092100003400107245006700141250001200208260005400220300003300274500002800307504006200335511002900397650002300426650002700449856007300476856008900549942001800638999001500656952010400671 a 00040055 a0203189779 (electronic bk.) a041925210X (alk. paper)00a690.24bRIC c5663d5663 aRichardson, Barry A., 10aDefects and deterioration in buildings /cBarry A. Richardson. a2nd ed. aLondon ;aNew York :bSpon Press,c.2001.cc.2001. axv, 203 p. :bill. ;c31 cm. aDistributer : Al-Ahram. aIncludes bibliographical references (p. [199]) and index. aCatalogued By : Mahitab. 0aBuilding failures. 0aBuildingsxProtection.41uhttp://www.netLibrary.com/urlapi.asp?action=summary&v=1&bookid=65735413Publisher descriptionuhttp://www.loc.gov/catdir/enhancements/fy0652/00040055-d.html cBBk690.24RIC c5663d5663 00104070aMAINbMAINc1STd2007-11-01ePurchasel0o690.24RICp000007024r2025-07-15 00:00:00yBB